000
00333nam a22001577a 4500
003
SGT
020
_a
978-93-5152-982-8
082
_a
615.1
_b
D16G
100
_a
GUPTA, S.K.
245
_a
DRUG SCREENING METHODS
250
_a
3RD
260
_a
INDIA
_b
JAYPEE
_c
2016
300
_a
722
650
_a
PHARMACOLOGY
942
_2
ddc
_c
BK
999
_c
15645
_d
15645